Δημιουργία βάσης δεδομένων για το ελληνικό γραμματόσημο : μεταπτυχιακή διατριβή

Saved in:
Bibliographic Details
Main Author: Χριστοδούλου, Τερψιθέα
Corporate Author: Πανεπιστήμιο Αιγαίου. Σχολή Κοινωνικών Επιστημών. Τμήμα Πολιτισμικής Τεχνολογίας και Επικοινωνίας. Πρόγραμμα Μεταπτυχιακών Σπουδών Πολιτισμική Πληροφορική και Επικοινωνία
Other Authors: Βαϊτης, Μιχάλης (Thesis advisor), Σαμπανίκου, Εύη Δημ., 1965- (Thesis advisor)
Format: Thesis Book
Language:Greek
Published: 2012
Subjects:
Online Access:http://hdl.handle.net/11610/15962
Tags: Add Tag
No Tags, Be the first to tag this record!

MARC

LEADER 00000cam a2200000 i 4500
001 1/21124
008 120622s2012 gre d
035 |l 10112821 
040 |a GR-MY-UA  |b gre  |e aacr 
041 0 |a gre 
082 0 |a 025  |2 (22) 
100 1 |a Χριστοδούλου, Τερψιθέα. 
245 1 0 |a Δημιουργία βάσης δεδομένων για το ελληνικό γραμματόσημο :  |b μεταπτυχιακή διατριβή /  |c Χριστοδούλου Τερψιθέα ; επιβλέπουσα καθηγήτρια: Σαμπανίκου Ευαγγελία, συνεπιβλέπων: Βαϊτης Μιχαήλ 
260 |c 2012 
300 |a 133 σ.;  |b εικ.;  |c 30 εκ. 
500 |a Βιβλιογραφία: σ. 131-133 
502 |a Διατριβή (μεταπτυχιακή) - Πανεπιστήμιο Αιγαίου, Λέσβος, 2012. 
650 0 0 |a Database design  |x Case studies. 
650 0 0 |a Stamp collecting  |x Catalogs. 
650 0 0 |a Postage stamps  |z Greece  |x History. 
650 0 0 |a Postage stamps  |z Greece  |x Databases. 
650 0 0 |a Dissertations, Academic  |z Greece. 
700 1 |a Βαϊτης, Μιχάλης.  |4 ths 
700 1 |4 ths  |a Σαμπανίκου, Εύη Δημ.,   |d 1965- 
710 2 |a Πανεπιστήμιο Αιγαίου.   |b Σχολή Κοινωνικών Επιστημών.   |b Τμήμα Πολιτισμικής Τεχνολογίας και Επικοινωνίας.   |b Πρόγραμμα Μεταπτυχιακών Σπουδών Πολιτισμική Πληροφορική και Επικοινωνία. 
852 |a INST  |b LESVOS  |c DIATR  |e 20130419  |h 457  |p 005100052512  |q 005100052512  |t MTXE  |y 23 
856 |u http://hdl.handle.net/11610/15962 
901 |a BIBL1-2012-2 
909 |a Λ  |b 175026 
909 |a Λ  |b 175025 
924 |a ΧΡΙΣΤΟΔΟΥΛΟΥ  |b ΤΕΡΨΙΘΕΑ  |y ΛΕΣΒΟΣ  |z 2012-04 
970 |a ΤΖΑΦΕΡΗ  |b ΕΥΑΓΓΕΛΙΑ  |z 2012/06/22